Flagi państw Afryki - Statystyki

Ogólne statystyki
  • Ten quiz został rozwiązany 238 razy
    227 od ostatniego zresetowania
  • Średni wynik to 37 z 54
Statystyki odpowiedzi
Obrazkowy Odpowiedź % Poprawnych
Maroko
99%
Egipt
93%
Niger
90%
Algieria
89%
Nigeria
89%
Somalia
86%
Czad
84%
Etiopia
84%
Wybrzeże Kości Słoniowej
81%
Senegal
80%
Sudan
79%
Tunezja
79%
Angola
78%
Kamerun
78%
Uganda
78%
Kenia
77%
Mali
77%
Ghana
76%
Libia
76%
Mauretania
76%
Republika Południowej Afryki
75%
Demokratyczna Republika Konga
71%
Liberia
71%
Republikaśrodkowoafrykańska
69%
Sudan Południowy
69%
Burkina Faso
68%
Erytrea
68%
Gwinea
67%
Kongo
67%
Togo
67%
Zambia
66%
Madagaskar
65%
Tanzania
64%
Burundi
63%
Zimbabwe
63%
Benin
61%
Lesotho
61%
Rwanda
61%
Botswana
59%
Gabon
59%
Gambia
59%
Seszele
59%
Dżibuti
57%
Sierra Leone
57%
Gwinea Bissau
56%
Gwinea Równikowa
56%
Mozambik
56%
Malawi
53%
Eswatini
52%
Mauritius
52%
Republika Zielonego Przylądka
51%
Komory
50%
Namibia
48%
Wyspy Świętego Tomasza I Książęca
46%
Nie znaleziono quizów pasujących do podanych kryteriów
Rozkład punktacji
Procent ludzi z każdym wynikiem
Percentyl według liczby udzielonych odpowiedzi
Twoja historia wyników
Nie rozwiązałeś tego quizu od ostatniego zresetowania